Danh nhân văn hóa Quảng Bình T.1
v.v...
Đã lưu trong:
| Tác giả chính: | |
|---|---|
| Định dạng: | Sách |
| Năm xuất bản: |
Huế.
Thuận Hóa
1993
|
| Chủ đề: | |
| Tags: |
Thêm thẻ
Không có thẻ, Hãy là người đầu tiên gắn thẻ bản ghi này!
|
| LEADER | 00787nam a2200181 4500 | ||
|---|---|---|---|
| 082 | |a 306.0959745 |b V312NG | ||
| 100 | |a Vĩnh Nguyên | ||
| 245 | |a Danh nhân văn hóa Quảng Bình |c Vĩnh Nguyên, Nguyễn Tú |n T.1 | ||
| 260 | |a Huế. |b Thuận Hóa |c 1993 | ||
| 300 | |c 21 cm | ||
| 520 | |a v.v... | ||
| 653 | |a Văn hóa | ||
| 653 | |a Quảng Bình | ||
| 653 | |a Danh nhân | ||
| 942 | |2 ddc |c SH | ||
| 999 | |c 3588 |d 3588 | ||
| 952 | |0 0 |1 0 |2 ddc |4 0 |6 306_095974500000000_V312NG |7 0 |8 300 |9 37326 |a qbu |b qbu |c D2 |d 2014-12-16 |g 15000 |o 306.0959745 V312NG |p 4368.c1 |r 0000-00-00 |w 2014-12-16 |y SH |0 0 |6 306_095974500000000_V312NG | ||
| 952 | |0 0 |1 0 |2 ddc |4 0 |6 306_095974500000000_V312NG |7 0 |8 300 |9 107865 |a qbu |b qbu |c D2 |d 2016-09-27 |g 15000 |o 306.0959745 V312NG |p 4368.c2 |r 0000-00-00 |w 2016-09-27 |y SH |0 0 |6 306_095974500000000_V312NG | ||